000 00527cam a2200205ua 4500
001 8412
005 20260515114331.0
008 150214n ii |||gr||||Z||||||eng
020 _a9788120704459
040 _cMAIN
041 _aeng
082 _a820
100 _aIyenger, K. R. S.,
_eAuthor.
245 _aIntroduction to the study of english literature
_cBy K. R. S. Iyenger
250 _a1st.
260 _aNew Delhi:
_bSterling,
_c2004.
300 _a296p.
653 _aEnglish.& Old English literatures
942 _cBK
999 _c7515
_d7515